000 00439nam a2200181Ia 4500
001 15334
005 20260306170148.0
008 260306t2018||||xx |||||||||||||| ||und||
041 _aESP
082 _a532
_bF41
100 _aFernández L., Bonifacio
_eAUT
245 0 _aIntroducción a la mecánica de fluidos
260 _c2018
300 _a432 páginas :
_c24 cm.
650 _aGEN
654 _aCCN
942 _cLIB
_dJUS
_fJUS
_2ddc
_n
999 _c15334
_d15334